000 00355nam a2200133 i 4500
001 bg
245 0 _aVocabulary of mechanics.
_nVol. 2. Group 15,
_pMechanics of fluids.
260 _aWarszawa :
_bWydawnictwa Naukowo-Techniczne,
_c1967.
040 _cBPK
041 _apol
080 _a531/534
942 _cKS
008 s pl f |000 0 pol
999 _c19655
_d19655
856 _uhttp://koha.tu.koszalin.pl/cgi-bin/koha/opac-detail.pl?biblionumber=19655
_yKatalog online BPK